Central Library OPAC University of Rajshahi

Sociology : (Record no. 34237)

MARC details
000 -LEADER
fixed length control field 01101nam a2200289 i 4500
001 - CONTROL NUMBER
control field 34237
003 - CONTROL NUMBER IDENTIFIER
rucl marc code BD-RjUL
005 - DATE AND TIME OF LATEST TRANSACTION
control field 20211209052127.0
008 - FIXED-LENGTH DATA ELEMENTS--GENERAL INFORMATION
fixed length control field 140514s1981 iluaf b 001 0 eng
020 ## - INTERNATIONAL STANDARD BOOK NUMBER
International Standard Book Number 0673152111
035 ## - SYSTEM CONTROL NUMBER
System control number (BD-RjUL)34331
040 ## - CATALOGING SOURCE
Original cataloging agency DLC
Transcribing agency DLC
Modifying agency DLC
-- BD-RjUL
Language of cataloging eng
041 ## - LANGUAGE CODE
Language code of text/sound track or separate title eng
082 00 - DEWEY DECIMAL CLASSIFICATION NUMBER
Classification number 301
Edition number 19
Author mark and year DES 1981
100 1# - MAIN ENTRY--PERSONAL NAME
Personal name DeFleur, Melvin L.
Fuller form of name (Melvin Lawrence),
Dates associated with a name 1923-
9 (RLIN) 104064
245 10 - TITLE STATEMENT
Title Sociology :
Remainder of title human society /
Statement of responsibility, etc. Melvin L. DeFleur, William V. D'Antonio, Lois B. DeFleur, with the assistance of Cynthia H. Adamic ; special photographic consultant, Timothy J. Curry ; critical readers, Richard A. Berk ... [et al.].
250 ## - EDITION STATEMENT
Edition statement 3d ed.
260 ## - PUBLICATION, DISTRIBUTION, ETC. (IMPRINT)
Place of publication, distribution, etc. Glenview, Ill. :
Name of publisher, distributor, etc. Scott, Foresman,
Date of publication, distribution, etc. c1981.
300 ## - PHYSICAL DESCRIPTION
Pagination 614 p., [8] leaves of plates :
Illustrations ill. ;
Size 29 cm.
504 ## - BIBLIOGRAPHY, ETC. NOTE
Bibliography, etc Includes bibliographical references and indexes.
650 #0 - SUBJECT ADDED ENTRY--TOPICAL TERM
Topical term or geographic name as entry element Sociology.
9 (RLIN) 104065
700 1# - ADDED ENTRY--PERSONAL NAME
Personal name D'Antonio, William V.,
Relator term joint author.
Personal name DeFleur, Lois B.,
Dates associated with a name 1936-
Relator term joint author.
942 ## - ADDED ENTRY ELEMENTS (KOHA)
Source of classification or shelving scheme Dewey Decimal Classification
Koha item type Books
Holdings
Lost status Source of classification or shelving scheme Damaged status Not for loan Collection code Permanent Location Current Location Shelving location Date acquired Source of acquisition Total Checkouts Full call number Date last seen Copy number Koha item type
  Dewey Decimal Classification     Non-fiction Central Library, University of Rajshahi Central Library, University of Rajshahi   13/11/1992 Asia Foundation, Gift.   301 DES 1981 14/05/2014 C-10 Books